00969cam a22002654a 4500952014400000999001500144001000900159003000400168005001700172008004100189020001800230040000900248082001900257100002400276245008500300250006800385260004300453300000900496504005100505650002400556650002500580700002600605700002800631942004400659 00102ddc40708MANAGEMENTaMESbMEScMANAGEMENTd2019-02-20g575.00l0o658.403 REN/Qp37195r2019-02-20 00:00:00w2019-02-20yBKzGL55R3 c7913d791316592438OSt20200129113625.0101228s2012 njua b 001 0 eng  a9788131761649 coclc00a658.403bREN/Q aRender, Barry9159410aQuantitative analysis for management /cBarry Render ; Ralph M Stair ; T N Badri a11th ed. bBarry Render, Ralph M. Stair, Jr., Michael E. Hanna. aDelhi:bPearson Prentice Hall,cc2012. a665p aIncludes bibliographical references and index. 0aManagement science. 0aOperations research.1 aStair, Ralph M.916541 aHanna, Michael E.91655 2ddccBKh658.403iREN/Qk658.403mREN/Q